<?xml version="1.0" encoding="UTF-8"?>
<record
    xmlns:xsi="http://www.w3.org/2001/XMLSchema-instance"
    xsi:schemaLocation="http://www.loc.gov/MARC21/slim http://www.loc.gov/standards/marcxml/schema/MARC21slim.xsd"
    xmlns="http://www.loc.gov/MARC21/slim">

  <leader>01680nam a22001577a 4500</leader>
  <datafield tag="999" ind1=" " ind2=" ">
    <subfield code="c">519159</subfield>
    <subfield code="d">519159</subfield>
  </datafield>
  <controlfield tag="008">220212b           ||||| |||| 00| 0 eng d</controlfield>
  <datafield tag="100" ind1=" " ind2=" ">
    <subfield code="a">Driezen, A., Verschraegen, G. and Clycq, N. </subfield>
    <subfield code="9">32049</subfield>
  </datafield>
  <datafield tag="245" ind1=" " ind2=" ">
    <subfield code="a">Religion and everyday cosmopolitanism among religious and non-religious urban youth</subfield>
  </datafield>
  <datafield tag="260" ind1=" " ind2=" ">
    <subfield code="a">Current Sociology  </subfield>
  </datafield>
  <datafield tag="300" ind1=" " ind2=" ">
    <subfield code="a">69(6), Oct, 2021: p.785-805</subfield>
  </datafield>
  <datafield tag="520" ind1=" " ind2=" ">
    <subfield code="a">While there is ample research on everyday cosmopolitanism, the relation with religion is less understood. This study examines the difference in everyday cosmopolitanism between Muslim, Christian and non-religious urban youth. Further, it studies the influence of religiosity, religious identification and perceived discrimination on cosmopolitanism. A one-way ANOVA analysis was conducted on data from 1039 students in 17 secondary schools in the super-diverse city of Antwerp. Multilevel regression analysis was conducted on a sample of Muslim (n = 496) and Christian (n = 225) youth. The results indicate no difference between religious and non-religious youth regarding their everyday cosmopolitanism. Moreover, for Muslim youth, intrinsic religiosity is positively associated with cosmopolitan orientations, while religious identification and discrimination negatively effect cosmopolitanism. For Christian youth, religious factors do not explain their cosmopolitan orientations. Overall, the article suggests that scholars and policy makers should discuss the potential of religion to foster cosmopolitan orientations. &#x2013; Reproduced </subfield>
  </datafield>
  <datafield tag="650" ind1=" " ind2=" ">
    <subfield code="a">Christianity, Everyday cosmopolitanism, Islam, Religiosity, Youth</subfield>
    <subfield code="9">29757</subfield>
  </datafield>
  <datafield tag="773" ind1=" " ind2=" ">
    <subfield code="a">Current Sociology  </subfield>
  </datafield>
  <datafield tag="906" ind1=" " ind2=" ">
    <subfield code="a">YOUTH</subfield>
  </datafield>
  <datafield tag="942" ind1=" " ind2=" ">
    <subfield code="c">AR</subfield>
  </datafield>
  <datafield tag="952" ind1=" " ind2=" ">
    <subfield code="0">0</subfield>
    <subfield code="1">0</subfield>
    <subfield code="2">ddc</subfield>
    <subfield code="4">0</subfield>
    <subfield code="7">0</subfield>
    <subfield code="9">393210</subfield>
    <subfield code="a">IIPA</subfield>
    <subfield code="b">IIPA</subfield>
    <subfield code="d">2022-02-12</subfield>
    <subfield code="h">69(6), Oct, 2021: p.785-805</subfield>
    <subfield code="p">AR126191</subfield>
    <subfield code="r">2022-02-12</subfield>
    <subfield code="y">AR</subfield>
  </datafield>
</record>
